00345pab a2200133 454500008004000000100001600040245007200056260000900128300001300137362001200150650002000162650001200182773001700194180718b2007 xxu||||| |||| 00| 0 eng d aSingh, H.C. aDuties and powers of the Comptroller and Auditor - General of India c2007 ap.41-47. aApr-Jun aAuditor - India aAuditor aCBI Bulletin